| 000 | 00709nam a2200241 a 4500 | ||
|---|---|---|---|
| 001 | 2029 | ||
| 005 | 20140414132031.0 | ||
| 008 | 040109s19uu xx 00 eng d | ||
| 020 | _a0-399-23579-5 | ||
| 050 |
_aTR _bD81 2000 |
||
| 100 | _aCarle, Eric | ||
| 245 |
_aDream snow / _cEric Carle. |
||
| 260 |
_aNew York : _bPhiliomel Books, _c2000. |
||
| 300 | _av. p. ; cm. | ||
| 520 | _aIn this musical and sound effects book, a farmer celebrates Christmas after the first snowfall. | ||
| 650 |
_aChristmas _xFiction. |
||
| 650 |
_aSnow _xFiction. |
||
| 650 |
_aFarm life _xFiction. |
||
| 650 | _aSound effect books. | ||
| 650 | _aMusical books. | ||
| 650 | _aToy and movable books. | ||
| 999 |
_c113630 _d113630 |
||